Statistiken für Alle Pokémon mit "M"

Klicken Sie hier um das Quiz zu spielen!

Allgemein

  • Dieses Quiz wurde 47 mal gespielt
  • Das Durchschnittsergebnis liegt bei 37 aus 90

Antwortstatistiken

TypPokémon% Korrekt
Kampf 👊Machollo
94%
Kampf 👊Machomei
94%
Feuer 🔥Magmar
94%
Kampf 👊Maschock
94%
Feuer 🔥Magby
89%
Feuer 🔥Magbrant
83%
Elektro / StahlMagneton
78%
Elektro / StahlMagnetilo
72%
Wasser / FlugMantax
72%
Wasser / FlugMantirps
72%
Normal ✳Mauzi
72%
Drache 🐲Milza
72%
Drache 🐲Maxax
67%
Wasser / BodenMorlord
67%
Pflanze / GiftMyrapla
67%
Elektro / StahlMagnezone
61%
Kampf 👊Menki
61%
Psycho 🧠Mew
61%
Psycho 🧠Mewtu
61%
Kampf / PsychoMeditie
56%
Normal ✳Miltank
56%
Gift / FeuerMolunk
56%
Wasser 💧Muschas
56%
Pflanze 🌿Meganie
50%
Stahl / PsychoMetagross
50%
Stahl / PsychoMetang
50%
Kampf 👊Makuhita
44%
Kampf / GeistMarshadow
44%
Käfer / PflanzeMatrifol
44%
Stahl 🚃Melmetal
44%
Stahl 🚃Meltan
44%
Elektro ⚡Minun
44%
Elektro / DracheMiraidon
44%
Gestein ⛰Mogelbaum
44%
Psycho 🧠Monozyto
44%
Wasser / BodenMoorabbel
44%
Psycho 🧠Morbitesse
44%
Normal ✳Muntier
44%
Stahl / FeeMagearna
39%
Eis / BodenMamutel
39%
Käfer / KampfMasskito
39%
Normal / PsychoMeloetta
39%
Wasser 💧Milotic
39%
Geist / FeeMimigma
39%
Psycho 🧠Mollimorba
39%
Elektro / UnlichtMorpeko
39%
Feuer / GesteinMagcargo
33%
Unlicht 🌜Magnayen
33%
Wasser 💧Mamolida
33%
Normal ✳Mampfaxo
33%
Wasser / FeeMarill
33%
Käfer / FlugMaskeregen
33%
Feuer 🔥Miezunder
33%
Psycho 🧠Mitodos
33%
Gestein ⛰Mobai
33%
Drache / NormalMopex
33%
Pflanze 🌿Mähikel
28%
Normal ✳Mangunior
28%
Normal ✳Manguspektor
28%
Stahl 🚃Mauzinger
28%
Drache 🐲Miniras
28%
Gestein / DracheMonagoras
28%
Käfer / FlugMoterpel
28%
Eis / KäferMottineva
28%
Geist 👻Makabaja
22%
Wasser 💧Manaphy
22%
Pflanze 🌿Mantidea
22%
Pflanze / UnlichtMaskagato
22%
Wasser / BodenMebrana
22%
Drache / KampfMediras
22%
Wasser 💧Memmeon
22%
Gestein / FlugMeteno
22%
Stahl / GeistMonetigo
22%
Gestein / FeuerMontecarbo
22%
Geist / PflanzeMoruda
22%
Käfer 🐛Mabula
17%
Pflanze 🌿Maracamba
17%
Wasser 💧Marikeck
17%
Kampf / PsychoMeditales
17%
Psycho 🧠Megalon
17%
Kampf 👊Meistagrif
17%
Käfer 🐛Micrick
17%
Pflanze / GeistMortcha
17%
Geist 👻Mortipot
17%
Gestein / StahlMuramura
17%
Käfer / PsychoMaritellit
11%
Flug 🐦Meikro
11%
Unlicht 🌜Mastifioso
6%
Unlicht 🌜Mobtiff
6%
Unlicht / GiftMyriador
6%

Verteilung der Resultate

Perzentil nach korrekt beantworteten Fragen

Anzahl Personen mit jedem Resultat

Ihre Resultats-Entwicklung

Sie haben dieses Quiz noch nicht gespielt